000
00293nam a22001337a 4500
008
210309b ||||| |||| 00| 0 eng d
041
_a
eng
080
_2
1st
_a
621
082
_a
621
100
_a
26
101
_a
MEK
245
_a
Builing Wire & Cable Handbook
_c
Durham, D
942
_2
udc
_c
BK
999
_c
56094
_d
56094